LEADER 00927nam0-2200313---450- 001 990009221160403321 005 20100914091654.0 035 $a000922116 035 $aFED01000922116 035 $a(Aleph)000922116FED01 035 $a000922116 100 $a20100913d1969----km-y0itay50------ba 101 0 $aita 102 $aIT 105 $a--------001yy 200 1 $aQuestione nazionale e socialismo$econtributo allo studio del pensiero di K. Renner e O. Bauer$fArduino Agnelli 210 $aBologna$cil Mulino$d1969 215 $a249 p.$d22 cm 225 1 $aSaggi$v83 610 0 $aNazionalismo$aAustria$aSec. 20. 676 $a320.5409436 700 1$aAgnelli,$bArduino$f<1932- >$0125662 801 0$aIT$bUNINA$gREICAT$2UNIMARC 901 $aBK 912 $a990009221160403321 952 $a320.54 AGN 1$bBibl.46682$fFLFBC 959 $aFLFBC 996 $aQuestione nazionale e socialismo$9776794 997 $aUNINA LEADER 01419nam2-2200481---450 001 990002993480203316 005 20180308150913.0 010 $a88-207-3620-9 035 $a000299348 035 $aUSA01000299348 035 $a(ALEPH)000299348USA01 035 $a000299348 100 $a20071018d2003----km-y0itay50------ba 101 $aita 102 $aIT 105 $a||||||||001yy 200 1 $a<<2.>> : Riflessioni sulla psicodinamica$fIgnacio Matte Blanco$ga cura di Anna Gorrese, Caterina Ferrara 210 $aNapoli$cLiguori$d2003 215 $a77 p.$d24 cm. 225 2 $aDomini$iFil rouge$v11 410 0$12001$aDomini$iFil rouge$v11 454 1$12001 461 1$1001000299346$12001$aPreludi della bi-logica 606 0 $aInconscio 676 $a154.2 700 1$aMATTE BLANCO,$bIgnacio$0155666 702 1$aGORRESE,$bAnna 702 1$aFERRARA,$bCaterina 801 0$aIT$bsalbc$gISBD 912 $a990002993480203316 951 $aII.3. 3125/2$b200773 L.M.$cII.3.$d00161649 951 $aCC 150.195 MAT$b6500 FIL 959 $aBK 969 $aUMA 969 $aFIL 979 $aRIVELLI$b90$c20071018$lUSA01$h1630 979 $aRIVELLI$b90$c20071018$lUSA01$h1634 979 $c20121027$lUSA01$h1553 979 $c20121027$lUSA01$h1606 979 $c20121027$lUSA01$h1611 996 $aRiflessioni sulla psicodinamica$91029100 997 $aUNISA DEB $aSA0012459 LEADER 01132nam--2200385---450- 001 990002737500203316 005 20060419112357.0 010 $a0471041041 035 $a000273750 035 $aUSA01000273750 035 $a(ALEPH)000273750USA01 035 $a000273750 100 $a20060419d1979----km-y0itay0103----ba 101 $aeng 102 $aUS 105 $aa|||||||001yy 200 1 $aConstruction bidding for profit$fWilliam R. Park 210 $aNew York$cWiley$d1979 215 $axviii, 293p.$cill.$d24 cm 225 2 $aWiley series of practical construction guides 410 0$12001$aWiley series of practical construction guides 454 1$12001 461 1$1001-------$12001 606 0 $aImprese internazionali$xgestione finanziaria 676 $a658.1599 700 1$aPARK,$bWilliam R.$012025 801 0$aIT$bsalbc$gISBD 912 $a990002737500203316 951 $aP09 30$bDISTRA 959 $aBK 969 $aDISTRA 979 $aDISTRA2$b10$c20060419$lUSA01$h1122 979 $aDISTRA2$b10$c20060419$lUSA01$h1123 996 $aConstruction bidding for profit$9998935 997 $aUNISA LEADER 01083nam2-2200361---450 001 990001837210203316 005 20200428091749.0 010 $a2-05-100033-6 035 $a000183721 035 $aUSA01000183721 035 $a(ALEPH)000183721USA01 035 $a000183721 100 $a20040709d1979----km-y0itay0103----ba 101 0 $afre 102 $aFR 105 $a||||||||001yy 200 1 $a1 2: <> vice supreme$aCurieuse$eÉthopée$fJoséphin Péladan$gpréface de Jean-Pierre Bonnerot 210 $aGenève$cSlatkine$d1979 215 $a2 volumi in 1 (394, III,364 p.)$d22 cm 410 0$12001 454 1$12001$a<> vice supreme$91386788 461 1$1001000183721$12001$a<> décadence latine 606 0 $aNarrativa francese$zSec. 20. 676 $a843.912 700 1$aPÉLADAN,$bJoséphin$0394477 702 1$aBONNEROT,$bJean-Pierre 801 0$aIT$bsalbc$gISBD 912 $a990001837210203316 951 $aXVII A. 1474 3$b5351 DLAS$cXVII A.$d00348990 959 $aBK 969 $aCAS 996 $aVice supreme$91386788 997 $aUNISA LEADER 03970oam 2200649I 450 001 9910450707503321 005 20180706115050.0 010 $a1-280-28953-8 010 $a0-203-49109-2 010 $a9786610289530 010 $a1-134-37041-5 024 7 $a10.4324/9780203491096 035 $a(CKB)1000000000444814 035 $a(EBL)182617 035 $a(OCoLC)62079997 035 $a(SSID)ssj0000105153 035 $a(PQKBManifestationID)11130481 035 $a(PQKBTitleCode)TC0000105153 035 $a(PQKBWorkID)10108847 035 $a(PQKB)11052123 035 $a(MiAaPQ)EBC182617 035 $a(Au-PeEL)EBL182617 035 $a(CaPaEBR)ebr10162629 035 $a(CaONFJC)MIL28953 035 $a(FlBoTFG)9780203491096 035 $a(EXLCZ)991000000000444814 100 $a20180706d2005 uy 0 101 0 $aeng 135 $aur||| ||||| 181 $ctxt 182 $cc 183 $acr 200 00$aArchaeology $ethe key concepts /$fedited by Colin Renfrew and Paul Bahn 210 1$aLondon ;$aNew York :$cRoutledge,$d2005. 215 $a1 online resource (317 p.) 225 1 $aRoutledge key guides 300 $aDescription based upon print version of record. 311 $a0-415-31758-4 311 $a0-415-31757-6 320 $aIncludes bibliographical references and index. 327 $aARCHAEOLOGY; Copyright; Contents; List of Key Concepts; Contributors; Introduction; Key Concepts; Agency; The antiquity of man; Archaeoastronomy; Archaeogenetics; Catastrophist archaeology; The chai?ne ope?ratoire; Characterisation and exchange theory; Childe's revolutions; Cognitive archaeology; Archaeology of cult and religion; Cultural evolution; 'Dark Ages' in archaeology/ systems collapse; Darwinian archaeology; Ideas in relative and absolute dating; The descent of man; Theorising diffusion and population movements; Ecological archaeology; Environmental archaeology; Epistemology 327 $aEthnoarchaeologyThe evolution of social complexity and the state; Key ideas in excavation; Experimental archaeology; Feminist archaeology; Archaeological formation processes; Gender archaeology; Habitus; Historical archaeology and text; Holistic/contextual archaeology; Indigenous archaeologies; Innovation and invention - independent event or historical process?; Thinking about landscape; Material engagement and materialisation; Materialism, Marxism and archaeology; Mental modularity; Multiregional evolution; Non-linear processes and archaeology; Notions of the person 327 $aOrganisation of societies, including chiefdomsPeer polity interaction; Phenomenological archaeology; Post-processual and interpretive archaeology; Processual archaeology; Public archaeology/museology/ conservation/heritage; Simulation; Site catchment analysis; Social archaeology; Theory of social practice; Principles of stratigraphic succession; Survey; Symbolic and structuralist archaeology; Systems thinking; The Three Ages; Concepts of time; Uniformitarianism; Index 330 $aFrom two of the best-known archaeological writers in the trade, this outstanding resource provides a thorough survey of the key ideas in archaeology, and how they impact on archaeological thinking and method.Clearly written, and easy to follow, Archaeology: The Key Concepts collates entries written specifically by field specialists, and each entry offers a definition of the term, its origins and development, and all the major figures involved in the area.The entries include:thinking about landscapearchaeology of cult and religion